Gaming Quiz

Random Gaming Quiz

Pot Farm Plants Quiz Stats

Quiz not verified by Sporcle

Challenge
Share
Tweet
Embed
Score 0/40 Timer 10:00
0 Plays Today
Unlock Level Plant % Correct
Level 14Corn
51.4%
Level 37Blueberry
42.9%
Level 35Purple Kush
40%
Level 55White Widow
40%
Level 1Hemp
37.1%
Level 25White Rhino
37.1%
Level 39Purple Haze
37.1%
Level 10Northern Lights
34.3%
Level 35Grapes
34.3%
Level 87Trainwreck
34.3%
Level 17Mighty Mite
31.4%
Level 20Tomatoes
31.4%
Level 26AK47
31.4%
Level 99Sour Diesel
31.4%
Level 3Hops
28.6%
Level 5Blackberry
28.6%
Level 7Sweet Tooth
28.6%
Level 45Sugar Cane
28.6%
Level 4Brain Warp
25.7%
Level 22Bubblegum
25.7%
Unlock Level Plant % Correct
Level 47Durban Poison
25.7%
Only Available Around ChristmasChristmas Kush
25.7%
Only Available Around HalloweenHalloween
25.7%
Level 2Time Warp
22.9%
Level 8Easy Rider
22.9%
Level 11God Bud
22.9%
Level 76Red Dragon
22.9%
Mystery SeedJelly Bean Tree
22.9%
Level 6Maui Waui
20%
Level 12Blue Dynamite
20%
Level 13Caramelicious
20%
Level 15Afghan Dream
20%
Level 19Juicy Fruit
20%
Level 30Blue Buddha
20%
Level 62Bonkers
17.1%
Mystery SeedAcapulco Gold
17.1%
Mystery SeedPizza Flower
17.1%
Mystery SeedBacon Tree
17.1%
Mystery SeedRipple Chip Plant
14.3%
Mystery SeedCookie Bush
14.3%

You're not logged in!

Compare scores with friends on all Sporcle quizzes.
Join for Free
OR
Log In

You Might Also Like...

Show Comments

Extras

Created Dec 18, 2010ReportNominate
Tags:farm, Plants, pot

Top Quizzes Today


Score Distribution

Your Account Isn't Verified!

In order to create a playlist on Sporcle, you need to verify the email address you used during registration. Go to your Sporcle Settings to finish the process.

Report this User

Report this user for behavior that violates our Community Guidelines.

Details: